| 000 | 00418nam a2200157 a 4500 | ||
|---|---|---|---|
| 005 | 20140310183301.0 | ||
| 008 | 050510s19uu xx 00 eng d | ||
| 050 |
_aPQ 2228 _b.D886 1977 |
||
| 100 | _aDumas, Alexander | ||
| 245 |
_aThe three musketeers / _cAlexander Dumas. |
||
| 260 |
_aUSA : _bWaldman & Sons Inc., _c1927. |
||
| 300 |
_a236 p. : _c26 cm. |
||
| 650 | _aFiction | ||
| 942 |
_cBK _2lcc |
||
| 999 |
_c20994 _d20994 |
||